神奈川県内の1面1線駅 - Statistics

General Stats
  • This quiz has been taken 116 times
  • The average score is 14 of 32
Answer Stats
Hint Answer % Correct
JR 上溝
76%
JR 下溝
72%
JR 海芝浦
71%
JR 宮山
68%
JR 香川
65%
JR 入谷
65%
JR 門沢橋
63%
JR 扇町
62%
JR 大川
62%
JR 昭和
60%
JR 相模金子
48%
私鉄 緑町
46%
JR 東山北
45%
私鉄 鎌倉高校前
44%
私鉄 こどもの国
39%
私鉄 石上
39%
私鉄 腰越
39%
私鉄 七里ヶ浜
39%
私鉄 極楽寺
39%
私鉄 湘南海岸公園
37%
私鉄 富士フイルム前
37%
私鉄 逗子・葉山
35%
私鉄 柳小路
35%
私鉄 和田塚
34%
私鉄 由比ヶ浜
33%
私鉄 湘南町屋
33%
私鉄 岩原
29%
私鉄 塚原
29%
私鉄 片瀬山
27%
私鉄 井細田
27%
私鉄 穴部
23%
私鉄 飯田岡
20%
No matching quizzes found
Score Distribution
Percent of People with Each Score
Percentile by Number Answered
Your Score History
You have not taken this quiz